| 000 | 00607nam a2200229Ia 4500 | ||
|---|---|---|---|
| 005 | 20250508164640.0 | ||
| 008 | 008 250505s9999 xx 000 0 eng d | ||
| 020 | _a81-85604-57-6 | ||
| 037 | _aTextual | ||
| 040 |
_aFEDL _beng _cFEDL |
||
| 041 |
_aeng _2eng |
||
| 084 |
_a370.7, POR _qFEDL |
||
| 100 |
_aPortner Hal _9778432 |
||
| 245 | 0 | _aMentoring new teachers | |
| 250 | _a3 | ||
| 260 |
_aThousand Oaks, Calfornia _bCorwin Press _c2008 |
||
| 300 | _axvii,148p. | ||
| 365 |
_aUSD _b25.95 |
||
| 650 | _aTeacher education | ||
| 942 |
_cTEXL _h370.7, POR |
||
| 999 |
_c1390328 _d1390328 |
||